La peche (Record no. 141435)

MARC details
000 -LEADER
campo de control de longitud fija 00556nam a2200169 i 4500
001 - NÚMERO DE CONTROL
campo de control 141435
003 - IDENTIFICADOR DE NÚMERO DE CONTROL
campo de control ES-MaACL
005 - FECHA Y HORA DE LA ÚLTIMA TRANSACCIÓN
campo de control 20230906200307.0
007 - CAMPO FIJO DE DESCRIPCIÓN FÍSICA--INFORMACIÓN GENERAL
campo de control de longitud fija t|
008 - DATOS DE LONGITUD FIJA--INFORMACIÓN GENERAL
campo de control de longitud fija 070924s1914 fr ||||1| fre d
100 1# - ENTRADA PRINCIPAL--NOMBRE DE PERSONA
Nombre de persona Villatte des Prûgnes, Robert.
9 (RLIN) 115167
245 13 - MENCIÓN DEL TÍTULO
Título La peche
Resto del título : . Les poissons d'eau douce /
Mención de responsabilidad, etc. par Robert Villatte des Prûgnes ; introduction par P. Regnard.
260 ## - PUBLICACIÓN, DISTRIBUCIÓN, ETC.
Lugar de publicación, distribución, etc. Paris :
Nombre del editor, distribuidor, etc. [s.n.],
Fecha de publicación, distribución, etc. 1914 (
Lugar de fabricación/manufactura Corbeil :
Fabricante Créte)
300 ## - DESCRIPCIÓN FÍSICA
Extensión 490 p. ;
Dimensiones 19 cm.
700 1# - ENTRADA AGREGADA--NOMBRE PERSONAL
Nombre de persona Regnard, Paul (
Fechas asociadas al nombre 1850-1927)
9 (RLIN) 150831
852 ## - LOCALIZACIÓN
Ubicación ES-MaACL
Número de control de estantería D-3653
Holdings
Estatus retirado Estado de pérdida Estado de daño No para préstamo Biblioteca de origen Biblioteca actual Ubicación en estantería Fecha de adquisición Fuente de adquisición Total de préstamos Signatura topográfica completa Código de barras Visto por última vez Precio de reemplazo Tipo de ítem Koha
        Biblioteca del Ateneo de Madrid Biblioteca del Ateneo de Madrid Sala Valle Inclán 17/01/2008     D-3653 901147168 23/02/2023 23/02/2023 Libro impreso